000 00645nam a22002177a 4500
999 _c16325
_d16325
003 AR-CdUCM
008 190503b ||||| |||| 00| 0 spa d
040 _aMUNICIPALIDAD PROVINCIAL DEL CUSCO
_cBIBLIOTECA MUNICIPAL DEL CUSCO
082 _a869.81 /
_bAI32
100 _aÁinsa, Fernando
_935709
245 _aConcierto asombro /
260 _aMontevideo :
_bAlfa,
_c1968.
300 _a243 paginas ;
_c18 cm.
440 _aColección Carabela
_935710
505 _aContenido : Novela
650 _aNovela
_9572
650 _aUruguay
_92511
650 _aLiteratura Latinoamericana
_9799
942 _2ddc
_cLIBROS
945 _awnts
_d2019-5-3